Breu historial = Breve historial : Canet de Mar, 1922-1932-1982 / Escola Universitària d'Enginyeria Tècnica en Teixits de Punt, Centre adscrit a la Universitat Politècnica de Barcelona Canet de Mar, 1922-1932-1982 / Escola Universitària d'Enginyeria Tècnica en Teixits de Punt, Centre adscrit a la Universitat Politècnica de Barcelona
MARC
| LEADER | 00000nam a2200000Ia 4500 | ||
|---|---|---|---|
| 001 | 14801 | ||
| 008 | 160829s9999 xx 000 0 cat d | ||
| 080 | |a FU-30-44 | ||
| 110 | 2 | |a Escola Universitària d'Enginyeria Tècnica en Teixits de Punt (Canet de Mar) |9 54348 | |
| 245 | |a Breu historial = Breve historial : |b Canet de Mar, 1922-1932-1982 / Escola Universitària d'Enginyeria Tècnica en Teixits de Punt, Centre adscrit a la Universitat Politècnica de Barcelona | ||
| 260 | |a [Barcelona] : |b Diputació de Barcelona, DL 1982 | ||
| 300 | |a 17 p. : |b il. ; |c 21 cm | ||
| 590 | |a Editat amb motiu del 50è Aniversari de la carrera de tècnic en teixits de punt. | ||
| 590 | |a Text bilingüe: català-castellà. | ||
| 590 | |a Existeix un exemplar duplicat a: DUP-186-72 | ||
| 610 | 2 | 0 | |a Escola Universitària d'Enginyeria Tècnica en Teixits de Punt (Canet de Mar) |x Història |9 54350 |
| 710 | 1 | |a Barcelona (Catalunya : Província). |b Diputació |9 52408 | |
| 901 | |a Arxiu | ||
| 942 | |n 1 | ||
| 952 | |0 0 |1 0 |4 0 |6 FU3044 |7 1 |9 42346 |a Arxiu |b Arxiu |d 2016-12-01 |l 0 |o FU-30-44 |p 14801 |r 2016-12-01 00:00:00 |w 2016-12-01 |y ARXIU | ||
| 999 | |c 44824 |d 44824 | ||